|
|
|
|
| LEADER |
00000nab a2200000 a 4500 |
| 001 |
vtls000860019 |
| 003 |
SK-MaSNL |
| 005 |
20260304125232.0 |
| 008 |
250429c2003 xo 0 slo |
| 015 |
|
|
|a SNBRB2004/01-03265
|
| 035 |
|
|
|a CLN000211635
|
| 035 |
|
|
|a urn:nbn:sk:snk-abrp5
|
| 035 |
|
|
|a (urnnbn)urn:nbn:sk:snk:ar-a05ni5
|
| 035 |
|
|
|a (uuid)8e4e1486-d7fa-4d64-a949-2d9bbd50babc
|
| 040 |
|
|
|a SNKBUCL
|b slo
|c SNKBUCL
|e AACR2
|
| 041 |
0 |
|
|a slo
|
| 044 |
|
|
|a xo
|c SK
|
| 080 |
|
|
|a 616-022.369:615.28:579.84/.86
|2 1997
|
| 245 |
0 |
0 |
|a Rezistencia nemocničných kmeňov baktérií izolovaných z dávkovačov mydla na chlórhexidín
|c S.E. Brooks ... [et al.]
|
| 246 |
1 |
1 |
|a Chlorhexidine resistance in antibiotic-resistant bacteria isolated from the surface of dispensers of soap containing chlorhexidine
|
| 500 |
|
|
|a Infection Control and Hospital Epidemiology, Nov 2002, 692-695
|
| 650 |
0 |
7 |
|a antibiotická rezistencia
|2 MESH
|9 14840
|
| 650 |
0 |
7 |
|a infekcie skrížené
|2 MESH
|9 855401
|
| 650 |
0 |
7 |
|a mydlá
|2 MESH
|9 82645
|
| 650 |
0 |
7 |
|a abstrakty
|2 MESH
|9 90504
|
| 650 |
0 |
7 |
|a chlórhexidín
|2 MESH
|9 899437
|
| 655 |
|
7 |
|a články z novín a časopisov
|2 snkbucl
|9 267496
|
| 700 |
1 |
|
|a Štefkovičová, Mária,
|d 1957-
|4 trl
|9 199065
|
| 700 |
1 |
|
|a Brooks, S.E.
|4 aut
|9 1437597
|
| 700 |
1 |
|
|a Walczak, M.A.
|4 aut
|9 1437598
|
| 700 |
1 |
|
|a Hameed, R.
|4 aut
|9 1437599
|
| 700 |
1 |
|
|a Coonan, P.
|4 aut
|9 1437600
|
| 773 |
0 |
|
|t Nozokomiálne nákazy
|g Roč. 2, č. 2 (2003), s. 21-22
|
| 850 |
|
|
|a Slovenská národná knižnica
|
| 852 |
|
|
|a Slovenská národná knižnica
|
| 954 |
|
|
|a odborná, vedecká literatúra pôvodná (slovenská)
|2 lita
|
| 958 |
|
|
|a article27
|
| 958 |
|
|
|a MI
|
| 958 |
|
|
|a OND
|
| 958 |
|
|
|a EUIPO
|
| 999 |
|
|
|c 2893533
|d 2895463
|